Hard One Direction Quiz. - Statistics

General Stats
  • This quiz has been taken 1,204 times
  • The average score is 7 of 16
Answer Stats
Question Answer % Correct
What is Louis' middle name? William
90%
How old was Niall when he started dyeing his hair? (Number) 12
87%
What was Zayns last album with 1D? Four
87%
How old was Harry when his parents divorced? (Number) 7
84%
What is their 3rd album called? Midnight Memories
81%
What track number is 'Over Again' from the 'Take Me Home' album? 10
71%
What is their nickname for Simon? (______ Simon) Uncle Simon
58%
What is Nialls star sign? Virgo
37%
How many years had Liam not use a spoon when he tweeted about his fear? (Number in words) Ten
36%
What song from 'Made in the A.M' is about Zayn leaving? Walking in the Wind
36%
What song goes 'With no way out and a long way down'? What a Feeling
27%
Who dated who for 4 years? (______ with ______) Zayn with Perrie
16%
In Zayns leaving post, why did he say he left? Stress
10%
What was Harry's first tattoo? (A ______) A star
7%
What did Liam want to call the band before Harry suggested 'One Direction'? Unique Selling Point
7%
What colour is Harry's shirt in the 'What Makes You Beautiful' video? (______/______ ______) Green/brown plaid
1%
No matching quizzes found
Score Distribution
Percent of People with Each Score
Percentile by Number Answered
Your Score History
You have not taken this quiz